| 000 | 00750nam a2200217 a 4500 | ||
|---|---|---|---|
| 001 | 000006585 | ||
| 005 | 20250430073846.0 | ||
| 008 | 090901s2004 xx 000 0 spa d | ||
| 020 | _a9945000225 | ||
| 040 |
_aDO-SdBNP _bspa _cBNPHU |
||
| 082 |
_a158.1 _bA859d |
||
| 100 | 1 |
_aAstwood, William J. _918276 |
|
| 245 | 1 | 0 |
_aDel no puedes al no quieres : _buna propuesta de cambio para tu vida / _cWilliam J. Astwood ; prólogo, Bolívar Feliz. |
| 260 |
_c[s.l.] _bInstituto William, _c2004. |
||
| 300 |
_a110 p. ; _c22 cm. |
||
| 650 | 0 |
_aAutorrealización (Psicología) _9211 |
|
| 650 | 4 |
_aTécnicas de autoayuda _9387 |
|
| 650 | 4 |
_aDirección espiritual _96470 |
|
| 650 | 7 |
_aSuperación personal _2Sears _910825 |
|
| 700 | 1 |
_aFeliz, Bolívar, _epról. _918277 |
|
| 999 |
_c6376 _d6376 |
||